| 000 | 00000cam 2200000zi 4500 |
| 001 | 9.913246 |
| 003 | CaOODSP |
| 005 | 20251208150543 |
| 006 | m o d f |
| 007 | cr ||||||||||| |
| 008 | 220712t20222022picd obs f000 0 fre d |
| 020 | |a9780660445342 |
| 040 | |aCaOODSP|bfre|erda|cCaOODSP |
| 043 | |an-cn--- |
| 086 | 1 |aV3-1/9-2022F-PDF |
| 100 | 1 |aVanTil, Linda, |eauteur. |
| 245 | 00|aÉtude de 2021 sur la mortalité par suicide chez les vétérans : |bpériode de suivi de 1975 à 2016 / |cLinda VanTil, Amanda Kopp, Dre Alexandra Heber. |
| 264 | 1|aCharlottetown (Île-du-Prince-Édouard) : |bAnciens combattants Canada = Veterans Affairs Canada, |c2022. |
| 264 | 4|c©2022 |
| 300 | |a1 ressource en ligne (27 pages) : |bgraphiques. |
| 336 | |atexte|btxt|2rdacontent/fre |
| 337 | |ainformatique|bc|2rdamedia/fre |
| 338 | |aressource en ligne|bcr|2rdacarrier/fre |
| 490 | 1 |aRapport technique de la Direction de la recherche |
| 500 | |aPublié aussi en anglais sous le titre : 2021 Veteran Suicide Mortality Study: follow-up period from 1975 to 2016. |
| 500 | |a« 31 décembre 2021. » |
| 504 | |aComprend des références bibliographiques (pages 18-20). |
| 520 | |a« Le suicide chez les vétérans canadiens est un problème de santé publique extrêmement préoccupant pour Anciens Combattants Canada. En collaboration, Anciens Combattants Canada, le ministère de la Défense nationale et Statistique Canada ont produit une série de rapports intitulés Étude sur la mortalité par suicide chez les vétérans (EMSV). En 2017 et en 2019, l’EMSV portait sur l’ampleur du risque de suicide chez les vétérans canadiens » -- Résumé, page 1. |
| 650 | 6|aAnciens combattants|xComportement suicidaire|zCanada|vStatistiques. |
| 655 | 7|aStatistiques|2rvmgf |
| 710 | 1 |aCanada. |bAnciens combattants Canada. |bDirection de la recherche, |eorganisme de publication. |
| 775 | 08|t2021 Veteran Suicide Mortality Study : |w(CaOODSP)9.908533 |
| 830 | #0|aRapport technique (Canada. Anciens combattants Canada. Direction de la recherche)|w(CaOODSP)9.844435 |
| 856 | 40|qPDF|s417 Ko|uhttps://publications.gc.ca/collections/collection_2025/acc-vac/V3-1-9-2022-fra.pdf |